| 000 | 01311cam a22003497a 4500 | ||
|---|---|---|---|
| 003 | CHAP | ||
| 005 | 20220329141102.0 | ||
| 008 | 991208d1996 es ab r 00110 spa d | ||
| 010 | _a62363 | ||
| 011 | _a63335 | ||
| 035 | _a67511 | ||
| 040 | _cCHAP | ||
| 082 | 0 | 4 |
_a635.643 _bN8 |
| 100 | 0 | 0 |
_aNuez Viñals, Fernando. _982194 |
| 245 | 1 | 3 |
_aEl cultivo de pimientos, chiles y ajies _c/por Fernando Nuez Viñals, Ramiro Gil Ortega y Joaquín Costa García |
| 260 |
_aMéxico, D. F. : _bMundi-Prensa, _c1996 |
||
| 300 |
_a607 p. : _bilus. ; mapas ; gráfs. |
||
| 590 |
_aBATCH-UPD _b10 _c20130110 _lUCH01 _h0620 |
||
| 590 |
_aBATCH-UPD _b10 _c20130410 _lUCH01 _h0303 |
||
| 590 |
_aBATCH-UPD _b10 _c20130914 _lUCH01 _h0922 |
||
| 590 |
_aCONVERSION _b10 _c20130109 _lUCH01 _h1333 |
||
| 650 | 1 | 4 |
_aChile (Botánica) _922341 |
| 650 | 1 | 4 |
_aChile pimiento. _922473 |
| 700 | 0 |
_aCosta García, Joaquín. _928476 |
|
| 700 | 0 |
_aGil Ortega, Ramiro. _947943 |
|
| 901 | _aBK | ||
| 905 | _aMayto Villalobos S. | ||
| 942 | _cLIBRO | ||
| 949 |
_a635.643 N8 _bBC _cLIBRO _d33724000830287 _eLIBRO _gI. 187955 _h92074 _i67511 _si _t650.00 |
||
| 949 |
_a635.643 N8 _bBC _cLIBRO _d33724000894036 _eLIBRO _fc.2 _gI. 1898894 _h96103 _i67511 _si _t$848.00 |
||
| 949 |
_a635.643 N8 _bBC _cLIBRO _d33724002318066 _eLIBRO _fc.3 _gI.c/e _h108909 _i67511 _so _t$1243.00 |
||
| 999 |
_c62363 _d62363 |
||